| 000 | 00736nam a2200205 a 4500 | ||
|---|---|---|---|
| 003 | 0 | ||
| 005 | 20250225140930.0 | ||
| 008 | 100827s19uu xx 00 eng d | ||
| 050 |
_aPGS SB 443.5 _b.K49 2010 |
||
| 100 | _aKim, Ka Eun. | ||
| 245 |
_aThe use of aspirin and vit C in prolonging the freshness of flowers / _cKa Eun Kim. |
||
| 260 |
_aLas PiƱas City, Philippines : _bSouthville International School and Colleges, _c2010. |
||
| 300 |
_a19 pages : _billustrations ; _c28 cm. |
||
| 504 | _aIncludes bibliographical references. | ||
| 650 |
_aAspirin. _vPhysiological effect. |
||
| 650 |
_aVitamin C. _vPhysiological effect. |
||
| 650 | _aFlower preservation. | ||
| 650 |
_aCut flowers _vPreservation. |
||
| 942 |
_2lcc _cPASS |
||
| 999 |
_c98369 _d98369 |
||